I Informe estado de situación de la persona adulta mayor en Costa Rica
En este informe se examinan los derechos, la salud, la seguridad económica, la participación, el acceso a los servicios y, en general las condiciones de vida de las personas de 65 años y más, con el objetivo de reconocer la contribución de las personas adultas mayores al desarrollo del país, así com...
Bewaard in:
| Coauteur: | |
|---|---|
| Formaat: | Texto |
| Taal: | Spanish |
| Gepubliceerd in: |
San José:
UCR
|
| Onderwerpen: | |
| Tags: |
Voeg label toe
Geen labels, Wees de eerste die dit record labelt!
|
MARC
| LEADER | 00000 a a2200000 04500 | ||
|---|---|---|---|
| 001 | 39060 | ||
| 003 | cru IIS | ||
| 005 | 20221107101743.0 | ||
| 008 | 221107b |||||||| |||| 00| 0 spa d | ||
| 020 | |a 978-9968-9688-1-2 | ||
| 040 | |c cru IIS | ||
| 090 | |a 14.02.02 P953p | ||
| 110 | |a Universidad de Costa Rica | ||
| 245 | |a I Informe estado de situación de la persona adulta mayor en Costa Rica | ||
| 260 | |a San José: |b UCR | ||
| 300 | |a 237 p. | ||
| 520 | |a En este informe se examinan los derechos, la salud, la seguridad económica, la participación, el acceso a los servicios y, en general las condiciones de vida de las personas de 65 años y más, con el objetivo de reconocer la contribución de las personas adultas mayores al desarrollo del país, así como resaltar las oportunidades asociadas al envejecimiento demográfico | ||
| 650 | |a INFORMES | ||
| 650 | |a ANCIANOS | ||
| 650 | |a COSTA RICA | ||
| 650 | |a ATENCION MEDICA | ||
| 650 | |a CONDICIONES ECONOMICAS | ||
| 650 | |a CONDICIONES DE HIGIENE | ||
| 650 | |a ASPECTOS LEGALES | ||
| 650 | |a SALUD | ||
| 942 | |2 ddc |c LI | ||
| 999 | |c 44623 |d 44623 | ||



